Tecnología de alimentos : Procesos químicos y físicos en la preparación de alimentos

Bibliographic Details
Main Author: Baldwin, Roger E
Format: Section = Libro
Language:Undetermined
Spanish
Published: México Limusa 1976
Subjects:
LEADER 00626nam a2200229Ia 4500
008 240830s9999 xx 000 0 und d
020 |a 968-18-0323-X 
040 |a B-ESTELÍ- RUACS / 664.65 Ch478 
041 |a spa 
082 |a 664.65 Ch478 
100 1 |a Baldwin, Roger E 
245 1 0 |a Tecnología de alimentos : Procesos químicos y físicos en la preparación de alimentos 
260 |a México  |b Limusa  |c 1976 
300 |a 321 p 
650 7 |a CIENCIA 
650 7 |b  BIOLOGIA 
650 7 |c  EDUCACIÓN 
650 7 |d  INVESTIGACIÓN 
650 7 |e  TEMAS RELACIONADOS 
942 |c BK  |2 ddc 
991 |a TEXTO 
999 |c 11542